| 000 | 00880cac a22002291u 4500 | ||
|---|---|---|---|
| 090 | _c3645 | ||
| 008 | 081124t xxu||||| |||| 00| 0 eng d | ||
| 020 | _a000720583X | ||
| 082 |
_a650.03 _222 _bCOL |
||
| 100 | _a20080729 | ||
| 245 |
_aCollins dictionary of business / _aChristopher Pass ... [et al.] |
||
| 246 | _aBusiness | ||
| 250 | _a3rd ed. | ||
| 260 |
_aGlasgow : _b HarperCollins, _c2005 |
||
| 300 |
_a472 p.: _b20 cm. _cill. ; |
||
| 500 | _aPrevious ed.: 2002. | ||
| 650 |
_aBusiness _v Dictionaries. |
||
| 700 | _a Pass, C. L. | ||
| 942 |
_cNB _k650.03COL _2ddc |
||
| 999 |
_c3645 _d3645 |
||